El mar, origen de la grandeza de los pueblos: estudio político-geográfico
Guardat en:
| Autor principal: | |
|---|---|
| Format: | Llibre |
| Idioma: | espanyol |
| Publicat: |
Santiago
Instituto Geopolítico de Chile
1986
|
| Col·lecció: | Cuadernos de Geopolítica, 2
|
| Matèries: | |
| Etiquetes: |
Afegir etiqueta
Sense etiquetes, Sigues el primer a etiquetar aquest registre!
|
MARC
| LEADER | 00000nam a2200000 a 4500 | ||
|---|---|---|---|
| 001 | UCO4099 | ||
| 003 | CL-VaPUC | ||
| 008 | 000728e19860000cl |||||||||||||||||spa|d | ||
| 082 | 0 | 4 | |a 918.3 |b RAT |2 21 |
| 100 | 0 | |a Ratzel, Friedrich |e author |9 448243 | |
| 245 | 1 | 3 | |a El mar, origen de la grandeza de los pueblos: estudio político-geográfico |
| 300 | |a 67 p | ||
| 942 | |c BK | ||
| 945 | |d 20000728 00:00:00 |a crobeson | ||
| 260 | |a Santiago |b Instituto Geopolítico de Chile |c 1986 | ||
| 650 | 0 | |a Geopolítica |9 313921 | |
| 650 | 0 | |a Geografía política |9 268296 | |
| 650 | 0 | |a Aguas jurisdiccionales |9 295070 | |
| 651 | 7 | |a CHILE |2 CL-VaPUC |9 448245 | |
| 583 | |a last modification |c 20171114 02:40:42 |k Rodrigo Vera | ||
| 490 | 0 | |a Cuadernos de Geopolítica, 2 | |
| 999 | |c 290183 |d 290181 | ||
| 952 | |0 0 |1 0 |4 0 |6 918_300000000000000_RAT_1986 |7 0 |8 A |9 339457 |a BIBHIS |b BIBHIS |d 2019-11-20 |i 1210106 |o 918.3 RAT 1986 |p 1210106 |r 2025-01-20 |w 2019-11-20 |y BK |k HIS | ||